Ganhadores da bola de ouro - Statistics

Estatísticas Gerais
  • Esse quiz foi jogado 435 vezes
    159 desde o último reset
  • A pontuação média é 37 de 68
Estatísticas das Respostas
Ano Jogadores % Correto
2017 Cristiano Ronaldo
100%
2016 Cristiano Ronaldo
100%
2014 Cristiano Ronaldo
100%
2013 Cristiano Ronaldo
100%
2008 Cristiano Ronaldo
100%
2023 Messi
100%
2021 Messi
100%
2019 Messi
100%
2015 Messi
100%
2012 Messi
100%
2011 Messi
100%
2010 Messi
100%
2009 Messi
100%
2007 Kaká
99%
2002 Ronaldo
99%
1997 Ronaldo
99%
2018 Modric
95%
2005 Ronaldinho
94%
2024 Rodri
92%
2022 Benzema
87%
1998 Zidane
83%
1999 Rivaldo
79%
2006 Cannavaro
76%
1974 Cruyff
57%
1973 Cruyff
57%
1971 Cruyff
57%
1976 Beckenbauer
54%
1972 Beckenbauer
54%
1970 Gerd Muller
53%
1959 Di Stéfano
52%
1957 Di Stéfano
52%
2004 Shevchenko
52%
2001 Owen
50%
1992 Van Basten
50%
1989 Van Basten
50%
1988 Van Basten
50%
2000 Figo
49%
1995 Weah
49%
1993 Baggio
48%
2003 Nedved
48%
1963 Yashin
48%
1965 Eusébio
47%
1987 Gullit
46%
1985 Platini
42%
1984 Platini
42%
1983 Platini
42%
1966 Bobby Charlton
34%
1968 George Best
32%
1994 Stoichkov
30%
1990 Matthaus
28%
1982 Paolo Rossi
28%
1960 Luis Suárez
23%
1996 Sammer
22%
1991 Papin
20%
1981 Rummenigge
17%
1980 Rummenigge
17%
1979 Keegan
13%
1978 Keegan
13%
1958 Kopa
13%
1961 Sivori
13%
1986 Belanov
11%
1969 Rivera
10%
1977 Simonsen
10%
1956 Stanley Matthews
10%
1964 Denis Law
9%
1962 Masopust
7%
1975 Blokhin
6%
1967 Flórián Albert
6%
Nenhum quiz correspondente encontrado
Distribuição das Pontuações
Porcentagem de Pessoas com Cada Pontuação
Percentil de Números Respondidos
Sua Pontuação Histórica
Você não jogou esse quiz desde o último reset